Statistics for MiracleMax's Pandora Thumbs

Click here to take the quiz!

General Stats

  • This quiz has been taken 16 times
  • The average score is 14 of 58

Answer Stats

Artist#Favorite Song% Correct
The Beatles10Eleanor Rigby
87%
ABBA14Gimme! Gimme! Gimme! (a man after midnight)
60%
Rush102112
60%
Tracy Chapman3Fast Car
60%
twenty one pilots3Stressed Out
60%
Billie Eilish7Bury a Friend
47%
The Animals4House of the Rising Sun
47%
Trans-Siberian Orchestra5Mad Russian's Christmas
47%
Boston3More Than a Feeling
40%
Katzenjammer11Demon Kitty Rag
40%
Metallica4Master of Puppets
40%
Alannis Morisette8Hand in my Pocket
33%
Aretha Franklin5Chain of Fools
33%
Benny Goodman3Sing, Sing, Sing
33%
Dave Brubeck3Take Five
33%
Joan Jett3I Love Rock'N'Roll
33%
Melanie Martinez4Dollhouse
33%
Panic! At the Disco3Emperor's New Clothes
33%
Poor Man's Poison13Pressure Cracks
33%
Red Hot Chili Peppers3Dani California
33%
The Bangles4Manic Monday
33%
AJR3Burn the House Down
27%
DragonForce5Through the Fire and Flames
27%
grandson3Blood // Water
27%
Hozier3Take me to Church
27%
The Wombats7Jump Into the Fog
27%
Alannah Myles4Black Velvet
20%
Arctic Monkeys3Do I Wanna Know?
20%
Arrogant Worms6The Last Saskatchewan Pirate
20%
Earl3All That Glitters
20%
The Pierces4Secret
20%
Big Bad Voodoo Daddy3Save my Soul
13%
Blues Traveler5Hook
13%
Bryce Fox3Horns
13%
Duke Ellington3Take the "a" Train
13%
Herb Alpert & The Tijuana Brass3Tijuana Taxi
13%
The Wind and the Wave3Grand Canyon
13%
Walk the Moon3Anna Sun
13%
A Fine Frenzy3Almost Lover
7%
Anna Nalick3Breathe (2 AM)
7%
Australian Crawl3Letter from Zimbabwe
7%
Barenaked Ladies8Four Seconds
7%
Ben Caplan5Traveller's Curse
7%
BOND5Gypsy Rhapsody
7%
Brick + Mortar6Hollow Tune
7%
David Garrett3Smooth Criminal
7%
Hurts14Illuminated
7%
Ibeyi3River
7%
Jakwob3Blinding
7%
Lindsey Stirling10Electric Daisy Violin
7%
Moon Taxi3Two High
7%
Sir Sly8Gold
7%
The Airborne Toxic Event3Sometime Around Midnight
7%
The Dead South3Broken Cowboy
7%
The Neighbourhood5Leaving Tonight
7%
Atlanta Rhythm Section3Georgia Rhythm
0%
The Piano Guys4Berlin
0%
Two Door Cinema Club3Sleep Alone
0%

Score Distribution

Percentile by Number Answered

Percent of People with Each Score

Your Score History

You have not taken this quiz